00217nam a2200085Ia 4500008004100000082001500041100002100056245003900077300001500116230907s9999||||xx |||||||||||||| ||und|| a333.79,NAR aNarbel, Patrick. 0aEnergy Technologies and Economics/ ax, 255 p.: